|
|
|
|
| LEADER |
01399nam a22002771 4500 |
| 001 |
c000201791 |
| 003 |
CARM |
| 005 |
20021125001900.0 |
| 008 |
851113s1969 xna 0 eng d |
| 019 |
1 |
|
|a 4122096
|5 LACONCORD2021
|
| 035 |
|
|
|a (OCoLC)218570970
|5 LACONCORD2021
|
| 042 |
|
|
|a anuc
|
| 110 |
2 |
0 |
|a Macquarie University.
|b School of Chemistry.
|
| 245 |
1 |
0 |
|a Chemical action :
|b a teacher's manual of experiments, developed during a series of practical workshops held at Macquarie University for teachers of senior school chemistry, 6th-13th December 1969.
|
| 260 |
|
|
|a Sydney :
|b School of Chemistry, Macquarie University,
|c 1969.
|
| 300 |
|
|
|a v.1, pt.1-3.
|
| 505 |
0 |
|
|a V.1,pt.1: Energy;V.1,pt.2: Equilibrium; V.1,pt.3: Stoichiometry and kintics.
|
| 650 |
|
0 |
|a Chemistry
|x Study and teaching (Secondary)
|
| 852 |
8 |
|
|b CARM
|h A2:AF37H0
|i F01027
|p 0305186
|f BK
|
| 852 |
8 |
|
|b CARM
|h A2:AF37H0
|i F01027
|p 0305187
|f BK
|
| 852 |
8 |
|
|b CARM
|h A2:AF37H0
|i F01027
|p 0305188
|f BK
|
| 082 |
0 |
4 |
|a 371.3154
|
| 999 |
f |
f |
|i 9adb71f8-a4bd-5d62-8595-1a285c7969ef
|s c738791a-3e2f-5336-9280-04c7a3dff98a
|
| 952 |
f |
f |
|p Can circulate
|a CAVAL
|b CAVAL
|c CAVAL
|d CARM 1 Store
|e F01027
|f A2:AF37H0
|h Other scheme
|i book
|m 0305186
|
| 952 |
f |
f |
|p Can circulate
|a CAVAL
|b CAVAL
|c CAVAL
|d CARM 1 Store
|e F01027
|f A2:AF37H0
|h Other scheme
|i book
|m 0305187
|
| 952 |
f |
f |
|p Can circulate
|a CAVAL
|b CAVAL
|c CAVAL
|d CARM 1 Store
|e F01027
|f A2:AF37H0
|h Other scheme
|i book
|m 0305188
|